| 000 | 00883nas a2200277 4500 | ||
|---|---|---|---|
| 001 | BR9700939 | ||
| 003 | BR-BrBNA | ||
| 005 | 20231205100038.0 | ||
| 007 | ta | ||
| 008 | 230509b bl.|||p| |||| 00| 00por d | ||
| 040 |
_aBR-BrBNA _bpor _cBiblioteca Nacional de Agricultura |
||
| 041 | _a(Pt) | ||
| 072 | _aL01 | ||
| 100 | 1 | _aTejada, M.A.A. | |
| 100 | 1 | _aSoares, G.J.D. | |
| 245 | 1 | _aInfluencia da idade de abate, sexo e musculo na qualidade de gordura de carne de coelho (Oryctolagus cuniculus) | |
| 650 | _aCarne | ||
| 650 | _aCoelho | ||
| 650 | _aAcido Graxo | ||
| 650 | _aGordura | ||
| 650 | _aMusculo | ||
| 773 | 0 |
_tRevista Brasileira de Agrociencia (Brazil) _xISSN 0104-8996 _g(Sep-Dec 1995), v. 1(3) p. 137-144 _wBR9700939 |
|
| 856 | 4 | 0 | _uhttp://www.ufpel.tche.br/faem/agrociencia/v1n3/v1n34.htm |
| 909 |
_a202311 _bLúcia _c55 _dLúcia Elande |
||
| 942 |
_2AGRIS _n0 _cANA |
||
| 999 |
_c154095 _d154095 |
||